000 00477nab a2200145Ia 4500
003 ES-SlBCS
005 20210601134636.0
008 140529s1987 xxu||||| |||| 00| 0 spa d
041 _aspa
100 1 _aGonzález Blanco, Antonino
_990153
245 0 0 _aLa toponimia del municipio de Fortuna
_c Antonino González Blanco
651 4 _aCueva Negra de Fortuna (Murcia)-Toponimia
_9220936
773 0 _tAntigüedad y Cristianismo
_gnº. 4, 1987, págs. 63-90
_wRev1032
942 _cAR
999 _c615742
_d615742